Vzdialené testovanie a vyhodnocovanie používateľského zážitku s použitím dát o pohybe myšou

Gespeichert in:
Bibliographische Detailangaben
1. Verfasser: Višvarda, Martin (Verfasst von)
Weitere Verfasser: Kuric, Eduard (Betreuung Doktorarbeit)
Format: Manuskript Buch
Sprache:Slowakisch
Veröffentlicht: 2020
Schlagworte:
Online-Zugang:http://is.stuba.sk/zp/portal_zp.pl?podrobnosti=145512
Tags: Tag hinzufügen
Keine Tags, Fügen Sie das erste Tag hinzu!

MARC

LEADER 00000ntm a22000003a 4500
001 stuzp75041
003 SK-STU
005 20200613210731.0
007 ta
008 150427s2015----xo-----f-mn---000-0-slo-d
040 |a STU  |b slo 
041 0 |a slo 
100 1 |a Višvarda, Martin  |u 070200  |k Z4  |4 aut  |U FIIT Fakulta informatiky a informačných technológií  |T FIIT Ústav informatiky, informačných systémov a softvérového inžinierstva  |X 74348  |U I200  |Y 179  |7 74348 
242 0 1 |a Remote testing and evaluation of the user experience using the data from mouse movement  |y eng 
245 1 0 |a Vzdialené testovanie a vyhodnocovanie používateľského zážitku s použitím dát o pohybe myšou 
260 |c 2020 
650 4 |a Vzdialené testovanie použiteľnosti  |2 slo 
650 4 |a Predikcia neistoty  |2 slo 
650 4 |a Problémy použiteľnosti  |2 slo 
650 4 |a Uncertainty prediction  |2 eng 
650 4 |a Remote testing of user experience  |2 eng 
650 4 |a Usability problems  |2 eng 
700 1 |a Kuric, Eduard  |u 070200  |k Z1  |4 ths  |U FIIT Fakulta informatiky a informačných technológií  |T FIIT Ústav informatiky, informačných systémov a softvérového inžinierstva  |X 17452  |U I200  |Y 179  |7 17452 
856 4 |u http://is.stuba.sk/zp/portal_zp.pl?podrobnosti=145512